Regionálne diferencie na trhu práce v Slovenskej republike

Identifikácia a vyhodnotenie regionálnych disparít s akcentom na nezamestnanosť a mzdové rozdiely v krajoch Slovenska.

Salvato in:
Dettagli Bibliografici
Autore principale: Rievajová, Eva
Altri autori: Klimko, Roman, 1985-
Natura: Capitolo di libro
Lingua:slovacco
Soggetti:
Tags: Aggiungi Tag
Nessun Tag, puoi essere il primo ad aggiungerne!!

MARC

LEADER 00000nla a2200000 4500
001 0246750
005 20240502104132.6
041 0 |a slo 
044 |a CZ 
245 1 0 |a Regionálne diferencie na trhu práce v Slovenskej republike  |c Eva Rievajová, Roman Klimko 
520 |a Identifikácia a vyhodnotenie regionálnych disparít s akcentom na nezamestnanosť a mzdové rozdiely v krajoch Slovenska. 
610 2 0 |a disparita 
610 2 0 |a diferenciácia regionálna 
610 2 0 |a trh práce 
610 2 0 |a Slovensko 
610 2 0 |a nezamestnanosť 
610 2 0 |a rozvoj regionálny 
100 1 |a Rievajová, Eva 
700 1 |a Klimko, Roman, 1985-